[Event "Stuttgart-chB int"]
[Site "Ditzingen"]
[Date "2014.05.30"]
[Round "4"]
[White "Kusch, Jacek"]
[Black "Wurm, Frank"]
[Result "1-0"]
[WhiteElo "1720"]
[BlackElo "1593"]
[PlyCount "87"]
[EventDate "2014.05.29"]
[EventType "swiss"]
[EventRounds "7"]
[EventCountry "GER"]
[SourceTitle "EXT 2015"]
[Source "ChessBase"]
[SourceDate "2014.11.20"]
[SourceVersion "1"]
[SourceVersionDate "2014.11.20"]
[SourceQuality "1"]

1. e4 e5 2. Nf3 Nf6 3. Bc4 d6 4. Nc3 Nc6 5. d4 Bg4 6. dxe5 Nxe5 7. Be2 Nxf3+ 8. Bxf3 Bxf3 9. Qxf3 c6 10. Bg5 Be7 11. 0-0-0 Qc7 12. Rhe1 0-0 13. Bf4 Nd7 14. Qg3 Ne5 15. Bh6 Ng6 16. Bf4 Nxf4 17. Qxf4 f6 18. h4 Rad8 19. g4 Qa5 20. Rh1 Qe5 21. Qe3 Qc5 22. Qg3 b5 23. f4 h6 24. g5 fxg5 25. hxg5 hxg5 26. Qh3 Rxf4 27. Qe6+ Rf7 28. Rh8+ Kxh8 29. Qxf7 Qe3+ 30. Kb1 Qh3 31. Qxe7 Rd7 32. Qxg5 Rf7 33. Qd8+ Kh7 34. Qxd6 g5 35. a3 g4 36. e5 g3 37. Qd3+ Kg7 38. Ne4 Qg4 39. Qxg3 Qxg3 40. Nxg3 Rc7 41. Rd6 Kf7 42. Nf5 c5 43. e6+ Kf6 44. e7+ 1-0

[Event "Stuttgart-chB int"]
[Site "Ditzingen"]
[Date "2014.05.29"]
[Round "1"]
[White "Wurm, Frank"]
[Black "Hahn, Lilli"]
[Result "0-1"]
[WhiteElo "1593"]
[BlackElo "1773"]
[PlyCount "72"]
[EventDate "2014.05.29"]
[EventType "swiss"]
[EventRounds "7"]
[EventCountry "GER"]
[SourceTitle "EXT 2015"]
[Source "ChessBase"]
[SourceDate "2014.11.20"]
[SourceVersion "1"]
[SourceVersionDate "2014.11.20"]
[SourceQuality "1"]

1. e4 c5 2. Nc3 e6 3. Nf3 a6 4. Be2 Nc6 5. 0-0 d5 6. exd5 exd5 7. d4 cxd4 8. Nxd4 Nf6 9. Bf3 Be7 10. Re1 0-0 11. Nce2 h6 12. c3 Ne5 13. Nf4 Nxf3+ 14. Nxf3 b5 15. a4 b4 16. cxb4 Bxb4 17. Bd2 Rb8 18. Bxb4 Rxb4 19. Nd3 Re4 20. Nde5 Qb6 21. Qd2 Bf5 22. Rec1 Re8 23. Rc6 Qb7 24. Qc3 Re2 25. Rc1 Rxf2 26. Rxf6 Rxf3 27. Nxf3 gxf6 28. Qxf6 Bg6 29. h3 Qa7+ 30. Kh2 Qb8+ 31. Kg1 Re2 32. Qxa6 Qxb2 33. Qc8+ Kh7 34. Ne1 Qd4+ 35. Kh2 Qf4+ 36. Kh1 Qg3 0-1

[Event "Stuttgart-chB int"]
[Site "Ditzingen"]
[Date "2012.05.17"]
[Round "2"]
[White "Wohlfahrt, Michael"]
[Black "Wurm, Frank"]
[Result "1-0"]
[WhiteElo "1767"]
[BlackElo "1603"]
[PlyCount "65"]
[EventDate "2012.05.17"]
[EventType "swiss"]
[EventRounds "7"]
[EventCountry "GER"]
[SourceTitle "EXT 2018"]
[Source "ChessBase"]
[SourceDate "2017.10.13"]
[SourceVersion "1"]
[SourceVersionDate "2017.10.13"]
[SourceQuality "1"]

1. e4 e5 2. Nf3 Nf6 3. Nc3 Bb4 4. d3 Nc6 5. Be2 0-0 6. 0-0 Re8 7. Bg5 Bxc3 8. bxc3 d6 9. a4 b6 10. Nd2 Be6 11. f4 h6 12. fxe5 hxg5 13. exf6 gxf6 14. d4 d5 15. Bb5 Bd7 16. exd5 Ne7 17. Bc4 Ng6 18. Bd3 Nf4 19. c4 Kg7 20. Qf3 Rh8 21. Ne4 Rh6 22. g3 Nh5 23. Nxg5 fxg5 24. Qxf7+ Kh8 25. Bg6 Ng7 26. Rf2 Bh3 27. Re1 Qg8 28. Bd3 Re8 29. Rxe8 Nxe8 30. Qf8 Ng7 31. c5 Rh5 32. c4 Ne8 33. Qe7 1-0

[Event "Stuttgart-chB int"]
[Site "Ditzingen"]
[Date "2012.05.17"]
[Round "1"]
[White "Wurm, Frank"]
[Black "Reichardt, Bernd"]
[Result "0-1"]
[WhiteElo "1603"]
[BlackElo "1816"]
[PlyCount "78"]
[EventDate "2012.05.17"]
[EventType "swiss"]
[EventRounds "7"]
[EventCountry "GER"]
[SourceTitle "EXT 2018"]
[Source "ChessBase"]
[SourceDate "2017.10.13"]
[SourceVersion "1"]
[SourceVersionDate "2017.10.13"]
[SourceQuality "1"]

1. e4 e5 2. Nf3 Nf6 3. Nxe5 d6 4. Nf3 Nxe4 5. d3 Nc5 6. Nc3 Bf5 7. Be3 Nbd7 8. d4 Ne4 9. Nxe4 Bxe4 10. Bd3 d5 11. c3 Be7 12. Bxe4 dxe4 13. Nd2 Nf6 14. 0-0 Qd5 15. c4 Qe6 16. Rc1 0-0 17. Qb3 Qb6 18. Qc2 Qe6 19. a3 Rfe8 20. Rfe1 Qg4 21. Nb3 b6 22. c5 Nd5 23. Bd2 Bf6 24. Qc4 Nf4 25. Bxf4 Qxf4 26. Re2 e3 27. Rf1 exf2+ 28. Rfxf2 Qg4 29. Kf1 Rad8 30. Rd2 Bh4 31. Qxf7+ Kh8 32. g3 Qh3+ 33. Kg1 Bxg3 34. hxg3 Qxg3+ 35. Kf1 Qh3+ 36. Kg1 Re1+ 37. Rf1 Rxf1+ 38. Qxf1 Qxb3 39. Qf7 Qxf7 0-1

[Event "Stuttgart-chB int"]
[Site "Gerlingen"]
[Date "2011.06.03"]
[Round "3"]
[White "Weigel, Curt"]
[Black "Wurm, Frank"]
[Result "1-0"]
[WhiteElo "1810"]
[BlackElo "1614"]
[PlyCount "61"]
[EventDate "2011.06.02"]
[EventType "swiss"]
[EventRounds "7"]
[EventCountry "GER"]
[SourceTitle "EXT 2018"]
[Source "ChessBase"]
[SourceDate "2017.10.13"]
[SourceVersion "1"]
[SourceVersionDate "2017.10.13"]
[SourceQuality "1"]

1. c4 g6 2. e4 Bg7 3. d4 d6 4. Be3 Nf6 5. Nc3 0-0 6. f3 e5 7. d5 b6 8. Qd2 Bb7 9. h4 c6 10. g4 cxd5 11. cxd5 Nfd7 12. h5 Bf6 13. Qh2 g5 14. Nge2 Nc5 15. Ng3 Bc8 16. b4 Nb7 17. h6 Bh8 18. Qd2 f6 19. Rc1 Qe7 20. Rh2 Bd7 21. Nb5 Bxb5 22. Bxb5 Kf7 23. Nf5 Qd8 24. Bc6 Nxc6 25. dxc6 Nc5 26. bxc5 dxc5 27. Rd1 Kg6 28. Qxd8 Raxd8 29. Rxd8 Rxd8 30. c7 Ra8 31. Rd2 1-0